Butterflies of India / (Record no. 13126)

MARC details
000 -LEADER
fixed length control field 00911nam a22002417a 4500
005 - DATE AND TIME OF LATEST TRANSACTION
control field 2008060203433.0
008 - FIXED-LENGTH DATA ELEMENTS--GENERAL INFORMATION
fixed length control field 080602t xxu||||| |||| 00| 0 eng d
010 ## - LIBRARY OF CONGRESS CONTROL NUMBER
LC control number ENG-90257
020 ## - INTERNATIONAL STANDARD BOOK NUMBER
International Standard Book Number 0195688015
Terms of availability 145.00
035 ## - SYSTEM CONTROL NUMBER
System control number EN-73790
037 ## - SOURCE OF ACQUISITION
Source of stock number/acquisition DBAD / PUB
040 ## - CATALOGING SOURCE
Original cataloging agency dpl
Language of cataloging ENG
082 ## - DEWEY DECIMAL CLASSIFICATION NUMBER
Classification number 595.789
100 ## - MAIN ENTRY--PERSONAL NAME
Personal name Gay, Thomas
245 ## - TITLE STATEMENT
Title Butterflies of India /
Remainder of title
Statement of responsibility, etc by Thomas Gay, Isaac David Kehimkar [and] Jagdish Chandra Punetha
260 ## - PUBLICATION, DISTRIBUTION, ETC. (IMPRINT)
Place of publication, distribution, etc New Delhi
Name of publisher, distributor, etc Oxford University Press
Date of publication, distribution, etc 2008
300 ## - PHYSICAL DESCRIPTION
Extent vii, 71p.:
Dimensions 26 cm (pbk)
Other physical details col. & b&w photos
500 ## - GENERAL NOTE
General note Includes glossary & index
700 ## - ADDED ENTRY--PERSONAL NAME
Personal name Kehimkar, Isaac David
700 ## - ADDED ENTRY--PERSONAL NAME
Personal name Punetha, Jagdish Chandra
942 ## - ADDED ENTRY ELEMENTS (KOHA)
Source of classification or shelving scheme Dewey Decimal Classification
Koha item type English Books
Classification part 595.789
Call number suffix GAY
Holdings
Withdrawn status Lost status Damaged status Not for loan Collection code Home library Current library Date acquired Source of acquisition Cost, normal purchase price Total Checkouts Full call number Barcode Date last seen Copy number Cost, replacement price Price effective from Koha item type
      Not For Loan Non-fiction D.B.Act.Division D.B.Act.Division 02/06/2008 DBAD / PUB 145.00   595.789 GAY EN-73790 15/09/2008 1 145.00 15/09/2008 English Books

© Delhi Public Library
Hit Counter
free hit counter